00771nam a2200205 a 4500008004100000020002200041245008200063260005200145300002900197440006000226500009000286504004100376650003100417650005000448700001800498700002200516003000100538005001700539040000900556  a0521369193 (pbk.)00aNumber theory and dynamical systems /cedited by M.M. Dodson, J.A.G. Vickers. aCambridge :bCambridge University Press,c1989. a172 p. :bill. ;c23 cm. aLondon Mathematical Society lecture note series ;v134. aContributions from a meeting held at the University of York, March 30-April 15, 1987. aIncludes bibliographical references. 0aNumber theoryvCongresses. 0aDifferentiable dynamical systemsvCongresses.1 aDodson, M. M.1 aVickers, J. A. G.20230123133126.0 cNUST